Cartilla retencin̤ en la fuente y CREE 2014

Detalles Bibliográficos
Autor principal: Cortes Guzman, Guillermo
Formato: eBook
Lenguaje:español
Publicado: Bogot:̀ Editorial Nueva Legislacin̤, 2014
Materias:
Acceso en línea:Acceso restringido

MARC

LEADER 00000nam a22000007a 4500
005 20140523233839.0
007 cr|||| ||||
008 140523s2014 co |||||s|||| 00||0 spa d
020 |a 978-958-8802-14-5 
035 |a 12163 
040 |a vLex 
090 |c 4952  |d 4952 
100 1 |a Cortes Guzman, Guillermo 
245 1 0 |a Cartilla retencin̤ en la fuente y CREE 2014  |h [Recurso electrn̤ico] /  |c Guillermo Cortes Guzman 
256 |a Servicio en ln̕ea 
260 |a Bogot:̀  |b Editorial Nueva Legislacin̤,  |c 2014 
300 |a 1 recurso electrn̤ico 
500 |a Para Nueva Legislacin̤ SAS es un orgullo seguir entregando la cartilla de Retencin̤ en la Fuente y CREE 2014, diseąda de una manera didc̀tica, para que sirva de apoyo a estudiantes y profesionales, que cotidianamente deben, unos estudiar y analizar los contenidos normativos, y los otros poner en prc̀tica los conocimientos relacionados con el tema. La cartilla dispone de toda la normatividad vigente relacionada con la REFORMA TRIBUTARIA y sus decretos reglamentarios, as ̕como una serie de ejercicios por temas, los cuales ampliarǹ o aclararǹ las explicaciones de los temas propuestos. Contiene la retencin̤ en la fuente a tt̕ulo del impuesto de renta, impuesto sobre las ventas, impuesto de timbre nacional e impuesto al CREE. 
506 1 |a Disponible solo en los productos indicados  |d vLex Global  |d vLex Global (Academic Edition, excluding Law Schools)  |d vLex Global (U.S. Academic Edition, Law Schools)  |d vLex Global (U.S. Academic Edition, excluding Law Schools)  |d vLex Global (Academic Edition, Law Schools) 
650 0 4 |a Derecho Fiscal  |z Colombia 
740 0 |a vLex Libros (Servicio en ln̕ea) 
856 4 0 |u http://vlex.com/source/cartilla-retencion-en-la-fuente-y-cree-2014-12163  |z Acceso restringido 
942 |c BOOK 
999 0 |a Tax Law